Library Banner

Fehm e Deen(فہم دین) (Record no. 102730)

MARC details
000 -LEADER
fixed length control field 00401nam a22001457a 4500
005 - DATE AND TIME OF LATEST TRANSACTION
control field 20180207113015.0
008 - FIXED-LENGTH DATA ELEMENTS--GENERAL INFORMATION
fixed length control field 180207b xxu||||| |||| 00| 0 eng d
020 ## - INTERNATIONAL STANDARD BOOK NUMBER
International Standard Book Number 9698454015
040 ## - CATALOGING SOURCE
Transcribing agency PK-LaUMT
082 ## - DEWEY DECIMAL CLASSIFICATION NUMBER
Classification number PKAC 297
Item number FEH-
245 ## - TITLE STATEMENT
Title Fehm e Deen(فہم دین)
Statement of responsibility, etc Faiz Muhammad Sheikh(Compiler)
260 ## - PUBLICATION, DISTRIBUTION, ETC. (IMPRINT)
Place of publication, distribution, etc اسلام آباد:
Name of publisher, distributor, etc الفیض ٹرسٹ
Date of publication, distribution, etc 2005
300 ## - PHYSICAL DESCRIPTION
Extent 283
942 ## - ADDED ENTRY ELEMENTS (KOHA)
Koha item type Books
Holdings
Withdrawn status Lost status Damaged status Home library Current library Date acquired Full call number Barcode Date last seen Price effective from Koha item type
      UMT Main Campus UMT Main Campus 2018-02-07 PKAC 297 FEH- 118835 2018-02-07 2018-02-07 Books